Statistics for Premier League: Players with Most Appearances for which club?

Click here to take the quiz!

General Stats

  • This quiz has been taken 527 times
  • The average score is 22 of 40

Answer Stats

PlayerTeam% Correct
Nicolas AnelkaChelsea
94%
Ashley ColeChelsea
90%
Michael CarrickManchester United
89%
Peter CrouchStoke City
84%
Sol CampbellTottenham Hotspur
80%
Yossi BenayounLiverpool
78%
Phil NevilleManchester United
77%
William GallasChelsea
76%
Edwin van der SarManchester United
73%
Rory DelapStoke City
72%
James MilnerManchester City
72%
Yakubu AiyegbeniEverton
70%
Stan CollymoreLiverpool
70%
Nwankwo KanuArsenal
65%
Danny MurphyLiverpool
64%
Anton FerdinandWest Ham United
62%
Damien DuffFulham
61%
David JamesLiverpool
61%
Louis SahaEverton
58%
Brad FriedelBlackburn Rovers
56%
Titus BrambleNewcastle United
55%
El-Hadji DioufBolton Wanderers
52%
Paul RobinsonBlackburn Rovers
51%
Sylvain DistinManchester City
47%
Mark SchwarzerMiddlesbrough
45%
Gary SpeedNewcastle United
44%
Wayne BridgeSouthampton
43%
Scott ParkerCharlton Athletic
42%
Jason EuellCharlton Athletic
42%
Gareth SouthgateAston Villa
38%
Jonathan WoodgateLeeds United
38%
Nick BarmbyEverton
37%
Robbie SavageLeicester City
36%
Gary McAllisterLeeds United
36%
Thomas SorensenAston Villa
29%
Herman HreidarssonCharlton Athletic
28%
Aaron HughesNewcastle United
27%
Paulo WanchopeDerby County
26%
Chris PerryWimbledon
19%
Noel WhelanCoventry City
18%

Score Distribution

Percentile by Number Answered

Percent of People with Each Score

Your Score History

You have not taken this quiz